000 00226nam a22000857a 4500
008 160708b xxu||||| |||| 00| 0 eng d
100 _92454
_a Nightingale, S
245 _aNursery Rhymes
260 _aLondon
_b Medici Society Ltd
_c1978
999 _c2125
_d2125